000 00410 a2200169 4500
001 171370
020 _a85-215-0241-1
040 _cMagnum
100 _aMazzetti, Maria
240 1 0 _aSapato de camurça com biquinho de verniz
_lpor
245 1 0 _aSapato de camurça com biquinho de verniz
300 _a16
362 0 _a1988
440 1 _aAo Livro Técnico
697 _aLITERATURA INFANTO
942 _cBK
999 _c171370
_d171370